000 002690000a22000970004500
100 1 _aVargon, Shmuel
245 1 0 _aGedud : A place-name in the shephelah of Judah
300 _aVol. 42, Num. 4 (Octubre, 1992), Páginas 557-564
773 0 _tVetus Testamentum
942 _cANA
999 _c57765
_d57765